000 03280cam a2200349 i 4500
001 21330998
005 20230314123415.0
008 191210s2020 enka b 001 0 eng d
010 _a 2019956703
020 _a9781789904574
020 _a1789904579
020 _z9781789904581
035 _a(OCoLC)on1128200254
040 _aYDX
_beng
_cYDX
_erda
_dYDXIT
_dOCLCQ
_dOCLCF
_dDLC
042 _alccopycat
050 0 0 _aJC330.3
_b.R46 2020
082 0 4 _a320.01/4
_223
245 0 4 _aThe rhetoric of political leadership :
_blogic and emotion in public discourse /
_cedited by Ofer Feldman.
260 _a Cheltenham, UK, :
_bEdward Elgar Publishing,
_c2020
300 _axiii, 250 pages :
_billustrations ;
_c25 cm
504 _aIncludes bibliographical references and index.
505 0 _aIntroduction : persuasive speaking and evoking political behavior / Ofer Feldman -- Part I Persuasive leadership : emotion, style, and identity in national and international arenas -- Gender, emotion and political discourse : masculinity, femininity and populism / Carol Johnson -- What makes a speech effective? Netanyahu's and Obama's SPECtrum of Rhetoric Intelligences (SPEC/RI) in United Nations speeches 2009-2012 / Michelle Stein Teer -- Xi Jinping's governance philosophy and language style : analysis of the Chinese leader's speeches / Jianxin Wang -- The French state of emergency : marginalization of the Muslim minority as a consequence of state self-legitimation / Bruno Mendelski -- Part II Evoking behavior: the rhetoric of presidential inauguration, televised interview, and election campaign -- Battling for America's soul : Donald Trump, invited behavior, and the midterm elections of 2018 / Michael Alan Krasner -- Political Public Relations (PPR) techniques: emotional input and output / Albina Gayoso -- The rhetoric of broadcast talk shows in Japan: the art of equivocation as a political skill / Ofer Feldman -- Politicians' use of moral appeals in British political advertising 1983-2017 / Annemarie Walter -- Facial expressions in election campaign posters: the effect of smiling on winning political seats during the -- 2017 Japanese lower house election / Masahiko Asano -- Part III Social media discourse : populism, negative campaigns, and the use of artificial intelligence -- They are lying to us! The rhetoric of direct communication by populist politicians and its effects on the electorate : evidence from the Netherlands / Michael Hameleers -- Emotion, reason, and political attacks on Facebook : the use of rhetorical appeals in the 2014 Brazilian presidential race / Ícaro Joathan and Francisco Paulo Jamil Marques -- Political discourse through artificial intelligence : parliamentary practices and public perceptions of chatbot communication in social media / Chen Sabag Ben-Porat and Sam Lehman-Wilzig.
650 0 _aPolitical leadership.
650 0 _aRhetoric.
650 7 _aPolitical leadership.
_2fast
650 7 _aRhetoric.
_2fast
700 1 _aFeldman, Ofer,
_d1954-
_eeditor.
906 _a7
_bcbc
_ccopycat
_d2
_eepcn
_f20
_gy-gencatlg
942 _2lcc
_cBOOKS
_hJC330.3 .R46 2020
999 _c31544
_d31544